Európska dlhová kríza sa prehlbuje

Hodnotenie stavu dlhovej krízy a predpokladov jej ďalšieho vývoja na základe faktov - údajov o výške verejného dlhu, o výnosoch z vládnych dlhopisov, o cene úverových derivátov, atď.

Salvato in:
Dettagli Bibliografici
Autore principale: Fifek, Edmund
Natura: Capitolo di libro
Lingua:slovacco
Soggetti:
Tags: Aggiungi Tag
Nessun Tag, puoi essere il primo ad aggiungerne!!

MARC

LEADER 00000nla$a2200000$$$4500
001 0130086
005 20240502072505.1
041 0 |a slo 
044 |a SK 
245 1 0 |a Európska dlhová kríza sa prehlbuje  |c Edmund Fifek 
520 |a Hodnotenie stavu dlhovej krízy a predpokladov jej ďalšieho vývoja na základe faktov - údajov o výške verejného dlhu, o výnosoch z vládnych dlhopisov, o cene úverových derivátov, atď. 
610 2 0 |a eurozóna 
610 2 0 |a dlhy štátne 
610 2 0 |a reštrukturalizácia 
610 2 0 |a Írsko 
610 2 0 |a Portugalsko 
610 2 0 |a Grécko 
610 2 0 |a zadlženosť 
100 1 |a Fifek, Edmund